Panchayati raj in India: status report, 1999 (Record no. 492098)

000 -LEADER
fixed length control field 00436cam a22001337a 4500
008 - FIXED-LENGTH DATA ELEMENTS--GENERAL INFORMATION
fixed length control field 180718b2000 xxu||||| |||| 00| 0 eng d
082 ## - DEWEY DECIMAL CLASSIFICATION NUMBER
Classification number B7303x54 C361
245 ## - TITLE STATEMENT
Title Panchayati raj in India: status report, 1999
Statement of responsibility, etc. edited by B.K. Chandrashekar
260 ## - PUBLICATION, DISTRIBUTION, ETC.
Place of publication, distribution, etc. New Delhi
Name of publisher, distributor, etc. Rajiv Gandhi Foundation
Date of publication, distribution, etc. 2000
300 ## - PHYSICAL DESCRIPTION
Extent 277p.
650 ## - SUBJECT ADDED ENTRY--TOPICAL TERM
Topical term or geographic name entry element Villages - Laws and legislation - India.
650 ## - SUBJECT ADDED ENTRY--TOPICAL TERM
Topical term or geographic name entry element Panchayat - India
700 ## - ADDED ENTRY--PERSONAL NAME
Personal name Chandrashekar, B.K.
Holdings
Withdrawn status Lost status Damaged status Not for loan Permanent Location Current Location Date acquired Full call number Barcode Date last seen Price effective from Koha item type
        Indian Institute of Public Administration Indian Institute of Public Administration 2018-08-04 B7303x54 C361 GR15978 2018-08-04 2018-08-04 GR
        Indian Institute of Public Administration Indian Institute of Public Administration 2018-08-04 B7303x54 C361 GR15957 2018-08-04 2018-08-04 GR

Powered by Koha